Central Library OPAC University of Rajshahi

An outline sketch of the political history of Europe in the nineteenth century / (Record no. 73905)

MARC details
000 -LEADER
fixed length control field 00755nam a2200229 4500
001 - CONTROL NUMBER
control field 73905
003 - CONTROL NUMBER IDENTIFIER
rucl marc code BD-RjUL
005 - DATE AND TIME OF LATEST TRANSACTION
control field 20211209082447.0
008 - FIXED-LENGTH DATA ELEMENTS--GENERAL INFORMATION
fixed length control field 170614s1919 enk 001 0 eng d
035 ## - SYSTEM CONTROL NUMBER
System control number (BD-RjUL)74123
040 ## - CATALOGING SOURCE
Original cataloging agency DLC
Transcribing agency OKentU
Modifying agency OCoLC
-- BD-RjUL
Language of cataloging eng
041 ## - LANGUAGE CODE
Language code of text/sound track or separate title eng
082 ## - DEWEY DECIMAL CLASSIFICATION NUMBER
Edition number 23
Classification number 940.28
Author mark and year HEO 1919
100 1# - MAIN ENTRY--PERSONAL NAME
Personal name Hearnshaw, F. J. C.
Fuller form of name (Fossey John Cobb),
Dates associated with a name 1869-1946.
9 (RLIN) 218907
245 13 - TITLE STATEMENT
Title An outline sketch of the political history of Europe in the nineteenth century /
Statement of responsibility, etc. by F. J. C. Hearnshaw.
260 ## - PUBLICATION, DISTRIBUTION, ETC. (IMPRINT)
Place of publication, distribution, etc. London :
Name of publisher, distributor, etc. Macmillan and co., limited,
Date of publication, distribution, etc. 1919.
300 ## - PHYSICAL DESCRIPTION
Pagination xii, 180 p. :
Illustrations ill. ;
Size 19 cm.
500 ## - GENERAL NOTE
General note Includes Indexes
651 #0 - SUBJECT ADDED ENTRY--GEOGRAPHIC NAME
Geographic name Europe
General subdivision History
Chronological subdivision 1789-1900.
9 (RLIN) 218908
942 ## - ADDED ENTRY ELEMENTS (KOHA)
Source of classification or shelving scheme Dewey Decimal Classification
Koha item type Books
Holdings
Lost status Source of classification or shelving scheme Damaged status Not for loan Collection code Permanent Location Current Location Shelving location Date acquired Source of acquisition Cost, normal purchase price Total Checkouts Full call number Date last seen Copy number Koha item type
  Dewey Decimal Classification   Not For Loan Non-fiction Central Library, University of Rajshahi Central Library, University of Rajshahi Reading Room 26/08/1961 Dr. A.I. Ourishi 5.00   940.28 HEO 1919 14/06/2017 C-1 Books